00347nam a2200109Ia 4500008004100000020001800041040002900059050002300088100005400111245004100165260003100206230222s9999||||xx |||||||||||||| ||und|| a0-02-828209-4 cChuka University Library aQD 601.2bP55 2000 aJohn S.Philips, Victor S. Strozak, Cherly Wistrom 0aChemistry:concepts and applications  aMcGrawhillbNew Yorkc2000